Tom Hanks Movies by Picture - Statistics

General Stats
  • This quiz has been taken 76 times
  • The average score is 13 of 20
Answer Stats
Picture Answer % Correct
Forrest Gump
100%
Toy Story
99%
Cast Away
96%
Saving Private Ryan
93%
The Polar Express
90%
Apollo 13
84%
Sully: Miracle on the Hudson
83%
The Green Mile
81%
Captain Phillips
77%
Catch Me If You Can
73%
Philadelphia
73%
A League of Their Own
59%
Sleepless in Seattle
57%
The Terminal
56%
Elvis
49%
You've Got Mail
47%
Road to Perdition
31%
Bridge of Spies
29%
Saving Mr Banks
20%
Charlie Wilson's War
16%
No matching quizzes found
Score Distribution
Percent of People with Each Score
Percentile by Number Answered
Your Score History
You have not taken this quiz